<?xml version="1.0" encoding="UTF-8"?>
<record
    xmlns:xsi="http://www.w3.org/2001/XMLSchema-instance"
    xsi:schemaLocation="http://www.loc.gov/MARC21/slim http://www.loc.gov/standards/marcxml/schema/MARC21slim.xsd"
    xmlns="http://www.loc.gov/MARC21/slim">

  <leader>01583nam a2200289 a 4500</leader>
  <controlfield tag="008">110701t2009    ag  |||f |||| 001 0 spa d</controlfield>
  <datafield tag="020" ind1=" " ind2=" ">
    <subfield code="a">9789871742035</subfield>
  </datafield>
  <datafield tag="041" ind1=" " ind2=" ">
    <subfield code="a">spa</subfield>
  </datafield>
  <datafield tag="092" ind1=" " ind2=" ">
    <subfield code="c">155.32</subfield>
    <subfield code="l">91</subfield>
    <subfield code="s">VAG</subfield>
  </datafield>
  <datafield tag="100" ind1="1" ind2=" ">
    <subfield code="a">Vaggione, Juan Marco</subfield>
    <subfield code="e">Comp.</subfield>
    <subfield code="9">3063</subfield>
  </datafield>
  <datafield tag="245" ind1=" " ind2="3">
    <subfield code="a">El activismo religioso conservador en Latinoamerica.</subfield>
    <subfield code="c">Juan Marco Vaggione</subfield>
  </datafield>
  <datafield tag="250" ind1=" " ind2=" ">
    <subfield code="a">1a ed.</subfield>
  </datafield>
  <datafield tag="260" ind1=" " ind2=" ">
    <subfield code="a">C&#xF3;rdoba:</subfield>
    <subfield code="b">Hivos;</subfield>
    <subfield code="c">2009.</subfield>
  </datafield>
  <datafield tag="300" ind1=" " ind2=" ">
    <subfield code="a">319 p.</subfield>
  </datafield>
  <datafield tag="500" ind1=" " ind2=" ">
    <subfield code="a">Vaggione, J. M. (2009). El activismo religioso conservador en Latinoam&#xE9;rica. (1a ed.) C&#xF3;rdoba : Hivos.</subfield>
  </datafield>
  <datafield tag="653" ind1=" " ind2=" ">
    <subfield code="a">Activismo religioso conservador en Latinoamerica</subfield>
  </datafield>
  <datafield tag="653" ind1=" " ind2=" ">
    <subfield code="a">Religioes na esfera publica: Estrategias institucionais de intervencao-Igreja cat&#xF3;litca no Brasil</subfield>
  </datafield>
  <datafield tag="653" ind1=" " ind2=" ">
    <subfield code="a">Estudios de bio&#xE9;tica y la iglesia cat&#xF3;lica en los casos de Chile y Argentina</subfield>
  </datafield>
  <datafield tag="653" ind1=" " ind2=" ">
    <subfield code="a">Debates chilenos en torno a la sexualidad</subfield>
  </datafield>
  <datafield tag="653" ind1=" " ind2=" ">
    <subfield code="a">Sexualidades e identidades de g&#xE9;nero. Debates con el fundamentalismo religioso</subfield>
  </datafield>
  <datafield tag="653" ind1=" " ind2=" ">
    <subfield code="a">Disputas sobre el control de la sexualidad: activismo religioso conservador y dominaci&#xF3;n masculina</subfield>
  </datafield>
  <datafield tag="653" ind1=" " ind2=" ">
    <subfield code="a">Grupos conservadores y la democracia contempor&#xE1;nea</subfield>
  </datafield>
  <datafield tag="653" ind1=" " ind2=" ">
    <subfield code="a">Evangelicos, sexualidad y pol&#xED;tica. Instituciones evang&#xE9;licas en los debates p&#xFA;blicos sobre Uni&#xF3;n Civil y educaci&#xF3;n sexual en la CABA</subfield>
  </datafield>
  <datafield tag="653" ind1=" " ind2=" ">
    <subfield code="a">Oposici&#xF3;n a la Uni&#xF3;n Civil: persistencias y fisuras del discurso de la iglesia cat&#xF3;lica en el debate legislativo</subfield>
  </datafield>
  <datafield tag="653" ind1=" " ind2=" ">
    <subfield code="a">Fundamentalismo religioso en Latinoam&#xE9;rica.Mirada de activistas por los derechos sexuales y reproductivos</subfield>
  </datafield>
  <datafield tag="942" ind1=" " ind2=" ">
    <subfield code="2">ddc</subfield>
    <subfield code="c">BK</subfield>
  </datafield>
  <datafield tag="999" ind1=" " ind2=" ">
    <subfield code="c">2259</subfield>
    <subfield code="d">2259</subfield>
  </datafield>
  <datafield tag="952" ind1=" " ind2=" ">
    <subfield code="0">0</subfield>
    <subfield code="1">0</subfield>
    <subfield code="2">ddc</subfield>
    <subfield code="4">0</subfield>
    <subfield code="7">0</subfield>
    <subfield code="a">BFM</subfield>
    <subfield code="b">BFM</subfield>
    <subfield code="c">CR</subfield>
    <subfield code="d">2016-05-09</subfield>
    <subfield code="e">Donaci&#xF3;n Dra. Ambort, Cristina. Mayo 2016</subfield>
    <subfield code="l">0</subfield>
    <subfield code="o">155.32 91 VAG</subfield>
    <subfield code="p">3584</subfield>
    <subfield code="r">2016-05-09</subfield>
    <subfield code="t">Ej.1</subfield>
    <subfield code="w">2016-05-09</subfield>
    <subfield code="y">BK</subfield>
    <subfield code="z">Donaci&#xF3;n Dra. Ambort, Cristina. Mayo 2016</subfield>
  </datafield>
</record>
